التصوير الإسلامي في العصور الوسطى

Saved in:

Main Author: Mahmoud Hassan Al-Basha.

Format: Book

Language: Undetermined

Published: Al-Qāhirah : dar alnahdat alearabia, 1992.

Subjects:

Tags: Add Tag

No Tags, Be the first to tag this record!

Call Number: N6260 .B3 1992

LEADER 00663nam a2200181Ia 4500
008 240329s9999||||xx |||||||||||||| ||und||
020 |a  9789770408704 
050 4 |a N6260 .B3 1992 
100 1 |a Mahmoud Hassan Al-Basha. 
245 1 0 |a التصوير الإسلامي في العصور الوسطى  |c Mahmoud Hassan Al-Basha 
264 1 |a Al-Qāhirah :  |b dar alnahdat alearabia,  |c 1992. 
300 |a 640  |c 24 
500 |a  ملحق بالأشكال : صفحة 405-588 
650 |a التصوير تاريخ إسلامي 
650 |a الفن الإسلامي عصور وسطى 
650 |a المخطوطات العربية زخرفة 
942 |2 lcc  |c BK 
999 |c 57810  |d 57810